1277 1150 1379 1562 1572 1789 1326 1308 1563 1375 1043 1106 1582 1169 1058 1018 1864 1028 1093 1841 1876 1208 1274 1615 1801 1074 1249 1676 1938 1132 1414 1332 1319 1519 1951 1079 1990 1027 1803 1099 1633 1447 1355 1714 1969 1288 1996 1660 1981 1728 1540 1757 1094 1793 1426 1500 1066 1941 1070 1715 1499 1422 1624 1811 1262 1536 1346 1331 1076 1337 1016 1561 1785 1505 1155 1895 1223 1150 1399 1451 1499 1463 1279 1285 1919 1858 1459 1018 1921 1099 1744 1732 1310 1814 1843 1371 1252 1187 1630 BCNSPRNW ULIB Ver.6.0+V

เปลี่ยนเป็นภาษาไทย

Change to English
 แสดงรายละเอียดบรรณานุกรม
  กลับหน้าหลัก

Brief Record : Get Marc (ISO 2709) : E-mail record : QR code < ปิดหน้าต่าง
LEADER : 00000nam 2200000uu 4500
001    13399121761
003     ULIB
008    121204s2549||||th 000 0 tha d
020    9743413897
024    9789743413988
090    นว.^bป765ค
100 1  คริสติี,อากาธา
245 00 เครื่องเพชรมหาภัย=Cat among the pigeons^c คริสติี,อากาธา ผู้แปล เปียมสุข
260    กรุงเทพฯ:^cสร้างสรรค์บุ๊คส์,^c2549
300    300 หน้า
945    ^p150^l0^i033171
995    เกษร
999    ^aใช้งานได้ทุกระบบ
รายการนี้ยังไม่มีแท็ก
คุณยังไม่ได้ล็อกอิน คุณสามารถมีกิจกรรมร่วมกับเว็บไซต์ได้ แต่ต้องล็อกอินก่อน ::
  ล็อกอิน

รายการสื่อสารสนเทศ

ลำดับที่ ประเภท เลขเรียก/บาร์โค้ด สถานที่ สถานะ
1. นวนิยาย
นวนิยาย
นว. ป765ค  
  Barcode: 033171
ห้องสมุดวิทยาเขตสวรรค์ประชารักษ์
►นวนิยาย
บนชั้น
  ขอยืม

BibComment


ยังไม่เคยถูกคอมเมนท์

คอมเมนท์ทรัพยากรรายการนี้
  คอมเมนท์: เครื่องเพชรมหาภัย..


 Copyright 2026. Bcnsprnw @Library